Statistiken für Länder in der Nähe von Niger - Ein Minute Sprint

Klicken Sie hier um das Quiz zu spielen!

Allgemein

  • Dieses Quiz wurde 53 mal gespielt
  • Das Durchschnittsergebnis liegt bei 13 aus 20

Antwortstatistiken

kmLand% Korrekt
0Nigeria
98%
0Tschad
85%
0Algerien
83%
265Ghana
80%
0Benin
78%
0Mali
78%
191Togo
78%
86Kamerun
76%
0Libyen
76%
612Mauretanien
68%
0Burkina Faso
66%
787Tunesien
66%
618Côte d'Ivoire
61%
837Sudan
61%
701Zentralafrikanische
Republik
51%
1001Guinea
46%
1185Gabun
41%
952Ägypten
39%
1146Dem Rep Kongo
37%
1007Äquatorial-Guinea
24%

Verteilung der Resultate

Perzentil nach korrekt beantworteten Fragen

Anzahl Personen mit jedem Resultat

Ihre Resultats-Entwicklung

Sie haben dieses Quiz noch nicht gespielt